| 000 | 00433nam a2200169Ia 4500 | ||
|---|---|---|---|
| 003 | LK-CoDNM | ||
| 008 | 010623t2012 xxu||||| |||| 00| 1 sin d | ||
| 040 |
_aLK-CoDNM _dLK-CoDNM _eLK-CoDNM |
||
| 041 | _asin | ||
| 080 | _a8 S 2 FON | ||
| 100 | _aFonseka,Salaman | ||
| 245 | _aසක්විති නික්මන | ||
| 246 | _aSakvithi Nikkmana | ||
| 260 |
_bSarasavi _aNugegoda _c2012 |
||
| 300 | _b108, 21 cm | ||
| 942 | _cBK | ||
| 999 |
_c132909 _d132909 |
||